Fr. Conceicao Rodrigues College of Engineering

Begining Finite Mathematics:Schaums (Record no. 31014)

MARC details
000 -LEADER
fixed length control field 00333nam a2200145Ia 4500
082 ## - DEWEY DECIMAL CLASSIFICATION NUMBER
Classification number 510
Item number LIP
100 ## - MAIN ENTRY--PERSONAL NAME
Personal name Lipschutz/Seymour
245 ## - TITLE STATEMENT
Title Begining Finite Mathematics:Schaums
260 ## - PUBLICATION, DISTRIBUTION, ETC.
Name of publisher, distributor, etc. Tata McGraw Hil
Date of publication, distribution, etc. 2005
300 ## - PHYSICAL DESCRIPTION
Extent 349
546 ## - LANGUAGE NOTE
Language note ENGLISH
-- production
650 ## - SUBJECT ADDED ENTRY--TOPICAL TERM
Topical term or geographic name entry element Finite mathematics
942 ## - ADDED ENTRY ELEMENTS (KOHA)
Koha item type BOOK
Holdings
Withdrawn status Lost status Damaged status Not for loan Collection Home library Current library Date acquired Total Checkouts Full call number Barcode Date last seen Price effective from Koha item type
        CRC Fr. Agnel's C.Rodrigues College of Engineering Fr. Agnel's C.Rodrigues College of Engineering 17/03/2023   510 LIP 20576 17/03/2023   BOOK